000 00412nam a2200157Ia 4500
003 LDD
008 190117s9999 xx 000 0 und d
020 _c₹60
040 _cLDD
041 _ahi
100 _aमनोजदास
245 0 _aघूमाभ दिगन्त
_cमनोजदास
260 _aनई दिल्ली
_bभारतीय
_c1991
300 _a15138
942 _2ddc
_cH
999 _c165874
_d165874